The shopping experience

Αποθηκεύτηκε σε:
Λεπτομέρειες βιβλιογραφικής εγγραφής
Άλλοι συγγραφείς: Falk, Pasi, Campbell, Colin, 1940-
Μορφή: Βιβλίο
Γλώσσα:English
Δημοσίευση: London : Sage, c1997.
Σειρά:Theory, culture & society
Θέματα:
Ετικέτες: Προσθήκη ετικέτας
Δεν υπάρχουν, Καταχωρήστε ετικέτα πρώτοι!

MARC

LEADER 00000nam a2200000 a 4500
001 1/125676
008 221214s1997####enk| ||| |||| ||eng||
020 |a 0761950672  
040 |a GR-MyUa  |b gre  |c GR-MyUa  |e AACR2 
041 0 |a eng 
082 7 |a 306.3   |2 (23) 
245 0 4 |a The shopping experience /   |c edited by Pasi Falk and Colin Campbell.  
260 |a London :   |b Sage,   |c c1997.  
300 |a 212 σ. ;   |c 24 εκ.  
490 1 |a (Theory, culture & society)  
504 |a Περιλαμβάνει βιβλιογραφικές παραπομπές και ευρετήριο.  
650 0 |a Consumption (Economics)  |x Social aspects. 
650 0 |a Shopping  |x Social aspects. 
700 1 |a Falk, Pasi. 
700 1 |a Campbell, Colin,   |d 1940- 
830 0 |a Theory, culture & society 
852 |a INST  |b LESVOS  |e 20221214  |h 306.3 SHO  |p 005100064060  |q 005100064060  |t BK  |y 0 
970 |a Καμάτσου  |b Δέσποινα  |z 14-12-2022